Sports par nombre de joueur(se)s - Statistiques

Statistiques générales
  • Ce quiz a été pris 147 fois
  • Le résultat moyen est 6 sur 11
Statistiques - réponses
Question Réponse % Correct
Le basket-ball se joue à combien de joueur(se)s dans chaque équipe ? Cinq
100%
Le futsal est un sport joué par combien de joueur(se)s dans chaque équipe ? Cinq
100%
Le football est un sport qui se joue à combien de joueur(se)s ? Onze
100%
Le volley-ball est composé de combien de joueur(se)s par équipe ? Six
100%
De combien de joueur(se)s est composé une équipe de baseball ? Neuf
67%
Le handball se joue à combien de joueur(se)s par équipe ? Sept
67%
Le water-polo se joue à combien de joueur(se)s par équipe ? Sept
67%
Combien de joueur(se)s composent une équipe de football américain ? Onze
0%
De combien de joueur(se)s est composée une équipe de cricket ? Onze
0%
Le hockey sur gazon se joue à combien de joueur(se)s par équipe ? Onze
0%
De combien de joueur(se)s est composée une équipe de hockey sur glace ? Six
0%
Aucun quiz correspondant
Distribution des résultats
% des personnes avec chaque résultat
Percentile par nombre de réponses
Votre historique - résultats
Vous n’avez pas pris ce quiz